Mis dominicanos / (Registro nro. 13675)

Detalles MARC
000 -LIDER
fixed length control field 01141nam a2200241 a 4500
001 - NÚMERO DE CONTROL
Identificador de número de control
003 - IDENTIFICACDOR DE NÚMERO DE CONTROL
control field DO-SdBNP
005 - DATE AND TIME OF LATEST TRANSACTION
control field 20230209120250.0
008 - ELEMENTOS DE LONGITUD FIJA
fixed length control field 100330s1995 dr a 000 0 spa d
040 ## - FUENTE DE CATALOGACIÓN
Agencia que crea de manera original el registro DO-SdBNP
Idioma de catalogación spa
Agencia que realiza la transcripción BPMSU
082 ## - NÚMERO DE CLASIFICACIÓN DECIMAL DE DEWEY
Classification number R920.07293
Item number P438m 1995
Edition number 22
100 1# - ASIENTO PRINCIPAL -- NOMBRE PERSONAL
Nombre personal Pérez Reyes, Héctor,
Fechas asociadas con el nombre 1927-
245 10 - MENCIÓN DE TITULO
Título Mis dominicanos /
Mención de responsabilidad Héctor Pérez Reyes ; edición Tomás Castro
260 ## - PUBLICACIÓN, DISTRIBUCIÓN, ETC. (PIE DE IMPRENTA)
Lugar de publicación, distribución, etc Santo Domingo :
Nombre del editor, distribuidor, etc. Taller,
Fecha de publicación, distribución, etc 1995.
300 ## - DESCRIPCIÓN FÍSICA
Extensión v. :
Otros detalles físicos il. ;
Dimensiones 23 cm.
505 0# - NOTA DE CONTENIDO
Texto normalizado de contenido Manuel de Js. Troncoso de la Concha -- Julio Ortega Frier -- Ramón Marrero Aristy -- Víctor Gárrido -- Generoso Nuñez -- Ludovino Fernández -- Federico C. Álvarez -- Virgilio Álvarez Pina -- Manuel María Guerrero -- Polibio Díaz -- Rafael Paino Pichardo -- Hipolito Herrera Billini -- Rafael Filiberto Bonelly -- Ángel María Liz -- Julio César Martínez -- Emma Balaguer de Vallejo -- Cesár A. Herrera y Rafael Herrera Cabral.
590 ## - NOTA LOCAL
Enlace Inventariado, 2021/VM
651 #4 - ENCABEZAMIENTO DE MATERIA--NOMBRE GEOGRÁFICO
Nombre geográfico República Dominicana
Subdivisión temática general Biografías
651 #4 - ENCABEZAMIENTO DE MATERIA--NOMBRE GEOGRÁFICO
Nombre geográfico República Dominicana
Subdivisión temática general Historia
700 1# - ASIENTO SECUNDARIO -- NOMBRE PERSONAL
Nombre personal Castro, Tomás
Mención de responsabilidad ed.
910 ## - VALIDACIÓN
Validación Vmateo V.
942 ## - ADDED ENTRY ELEMENTS (KOHA)
Source of classification or shelving scheme Dewey Decimal Classification
Koha item type Libros
Existencias
Withdrawn status Lost status Source of classification or shelving scheme Damaged status Not for loan Collection code Home library Current library Date acquired Full call number Barcode Date last seen Copy number Price effective from Koha item type Total Checkouts
    Dewey Decimal Classification     Colección Dominicana Biblioteca Pública Metropolitana Salomé Ureña Biblioteca Pública Metropolitana Salomé Ureña 08/23/2021 BPMSU CD R920.07293 P438m 1995 BPMSU21080076 08/23/2021 v.1 08/23/2021 Archivos digitales  
    Dewey Decimal Classification     Colección Dominicana Biblioteca Pública Metropolitana Salomé Ureña Biblioteca Pública Metropolitana Salomé Ureña 08/23/2021 BPMSU CD R920.07293 P438m 1995 BPMSU21080077 08/23/2021 v.1, e.2 08/23/2021 Archivos digitales  
    Dewey Decimal Classification     Colección Dominicana Biblioteca Pública Metropolitana Salomé Ureña Biblioteca Pública Metropolitana Salomé Ureña 08/23/2021 BPMSU CD R920.07293 P438m 1995 BPMSU23020005 02/09/2023 v.1, e.3 08/23/2021 Archivos digitales  
    Dewey Decimal Classification     Colección Dominicana Biblioteca Pública Metropolitana Salomé Ureña Biblioteca Pública Metropolitana Salomé Ureña 08/23/2021 BPMSU CD R920.07293 P438m 1995 BPMSU25010020 01/22/2025 v.2 08/23/2021 Archivos digitales